[Event "C.to Regionale Calabria"]
[Site "San Fili ITA"]
[Date "2007.06.10"]
[Round "5"]
[White "Malta, Gaetano"]
[Black "Olivo, Ilaria"]
[Result "1/2-1/2"]
[WhiteElo "1685"]
[BlackElo "1464"]
[PlyCount "52"]
[EventDate "2007.06.08"]

1. e4 c5 2. Nf3 d6 3. d4 cxd4 4. Nxd4 Nf6 5. Nc3 a6 6. Bg5 e6 7. f4 Be7 8. Qf3
Nbd7 9. O-O-O Qc7 10. g4 b5 11. Bxf6 Bxf6 12. g5 Bxd4 13. Rxd4 Bb7 14. Bg2 Qb6
15. Rhd1 Nc5 16. Rxd6 Qa5 17. Kb1 b4 18. Ne2 Nxe4 19. Qd3 Nxd6 20. Bxb7 Nxb7
21. Qd7+ Kf8 22. Qxb7 Rd8 23. Rxd8+ Qxd8 24. Qxb4+ Qe7 25. Qb8+ Qe8 26. Qd6+
Qe7 1/2-1/2

[Event "C.to Regionale Calabria"]
[Site "San Fili ITA"]
[Date "2007.06.10"]
[Round "5"]
[White "Mercuri, Delia"]
[Black "Alvaro, Francesco"]
[Result "1-0"]
[WhiteElo "1415"]
[BlackElo "1428"]
[PlyCount "101"]
[EventDate "2007.06.08"]

1. e4 e5 2. Nf3 Nc6 3. Bc4 Nf6 4. Nc3 Bb4 5. d3 d6 6. a3 Ba5 7. Bd2 Bg4 8. h3
Bh5 9. g4 Bg6 10. Ne2 Bb6 11. Nh4 Nd7 12. Nxg6 fxg6 13. Be3 Qf6 14. Qd2 Rf8 15.
O-O-O Bxe3 16. Qxe3 Qxf2 17. Qxf2 Rxf2 18. Nc3 O-O-O 19. Rdf1 Rdf8 20. Rxf2
Rxf2 21. g5 Nd4 22. Bb3 Nxb3+ 23. cxb3 Nc5 24. Nd1 Nxd3+ 25. Kb1 Re2 26. Rf1
Nf4 27. Nf2 Ne6 28. b4 Nxg5 29. h4 Nf3 30. Kc1 Nh2 31. Kd1 Rxb2 32. Nd3 Ra2 33.
Rf7 Rxa3 34. Kc2 Ra2+ 35. Nb2 Ra1 36. Nd1 Ra3 37. Nc3 c6 38. Rxg7 Ra1 39. Nb1
Ra2+ 40. Kb3 Rg2 41. Rxh7 Rg4 42. Nd2 Rg2 43. Nc4 Rg3+ 44. Kc2 d5 45. exd5 cxd5
46. Nd6+ Kd8 47. Nxb7+ Kc8 48. Nd6+ Kb8 49. Rb7+ Ka8 50. Re7 Nf3 51. Re8# 1-0

[Event "C.to Regionale Calabria"]
[Site "San Fili ITA"]
[Date "2007.06.10"]
[Round "5"]
[White "Paragliola, Gennaro"]
[Black "Paese, Salvatore"]
[Result "1-0"]
[WhiteElo "1451"]
[BlackElo "1396"]
[PlyCount "96"]
[EventDate "2007.06.08"]

1. d4 d5 2. c4 Nf6 3. Nc3 Nc6 4. Bg5 dxc4 5. Nf3 b5 6. Nxb5 Ba6 7. Qa4 Bb7 8.
Qxc4 Ne4 9. Bf4 Rc8 10. d5 Na5 11. Qa4 c6 12. Nxa7 e6 13. Nxc8 Bxc8 14. dxc6
Qb6 15. c7+ Nc6 16. Qxe4 Bb4+ 17. Bd2 O-O 18. Bxb4 Nxb4 19. e3 Nd5 20. Qc2 Nxc7
21. Bd3 Nd5 22. Bxh7+ Kh8 23. Be4 Ba6 24. Bxd5 Rc8 25. Qd2 exd5 26. Ne5 Qe6 27.
Nd3 Qg6 28. Nf4 Qg5 29. Rc1 Rd8 30. Rc5 Bc4 31. b3 Rb8 32. Qc2 Qf6 33. Kd2 g5
34. Nd3 Bxd3 35. Kxd3 Qf5+ 36. Ke2 Qxc2+ 37. Rxc2 Rd8 38. Rc7 Kg7 39. Rd1 Kf6
40. f3 Rd6 41. Rd4 Ke6 42. g3 f5 43. Rc8 Ke5 44. f4+ gxf4 45. gxf4+ Kf6 46. Rc5
Ra6 47. Rd2 Ke6 48. Rcxd5 Rxa2 1-0

[Event "C.to Regionale Calabria"]
[Site "San Fili ITA"]
[Date "2007.06.10"]
[Round "5"]
[White "Rametta, Marcello"]
[Black "Spataro, Enrico"]
[Result "1/2-1/2"]
[WhiteElo "1774"]
[BlackElo "1760"]
[PlyCount "78"]
[EventDate "2007.06.08"]

1. e4 c5 2. Bc4 Nc6 3. Nf3 d6 4. Ng5 e6 5. d3 Be7 6. Nf3 Nf6 7. c3 O-O 8. h3
Na5 9. Bb5 a6 10. Ba4 b5 11. Bc2 Bb7 12. Bg5 Qc7 13. Nbd2 Rfd8 14. Qe2 Rac8 15.
Rc1 Nc6 16. O-O Qb6 17. Rfe1 a5 18. Be3 Ba6 19. a3 b4 20. cxb4 axb4 21. Nc4 Qc7
22. Bf4 Bxc4 23. dxc4 Nd7 24. axb4 Nxb4 25. Bb1 Bf6 26. b3 Nc6 27. Rcd1 Nde5
28. Nh2 Ng6 29. Bd2 Nd4 30. Qe3 Qe7 31. f4 Nc2 32. Qd3 Nxe1 33. Rxe1 Bd4+ 34.
Kh1 Qh4 35. Rf1 d5 36. cxd5 exd5 37. e5 Bf2 38. Qf3 Bg3 39. Ng4 d4 1/2-1/2

[Event "C.to Regionale Calabria"]
[Site "San Fili ITA"]
[Date "2007.06.10"]
[Round "5"]
[White "Scalise, Sandro"]
[Black "Fittante, Enrico"]
[Result "0-1"]
[WhiteElo "1598"]
[BlackElo "1530"]
[PlyCount "62"]
[EventDate "2007.06.08"]

1. d4 d5 2. Nc3 e6 3. Bf4 a6 4. e3 Nf6 5. Bg5 Be7 6. Bd3 Nc6 7. Nge2 Nb4 8.
Bxf6 Nxd3+ 9. Qxd3 Bxf6 10. O-O b6 11. f4 c5 12. Ng3 g6 13. e4 dxe4 14. Qxe4
Bd7 15. Nce2 O-O 16. dxc5 bxc5 17. Rad1 Qc7 18. Qe3 Rfd8 19. b3 Be7 20. Ne4
Rac8 21. c4 Qb7 22. Qc3 Bc6 23. Rxd8+ Rxd8 24. Nf6+ Bxf6 25. Qxf6 Rd2 26. Re1
Bxg2 27. Qc3 Bh1 28. Qh3 Qe4 29. Qf1 Rxa2 30. f5 exf5 31. h4 Bf3 0-1

[Event "C.to Regionale Calabria"]
[Site "San Fili ITA"]
[Date "2007.06.10"]
[Round "5"]
[White "Vacchiano, Salvatore"]
[Black "Calomeni, Francesca"]
[Result "0-1"]
[WhiteElo "1509"]
[BlackElo "1356"]
[PlyCount "28"]
[EventDate "2007.06.08"]

1. d4 d5 2. e4 dxe4 3. Nc3 Nf6 4. f3 Nc6 5. Be3 Bf5 6. Bc4 e6 7. Qd2 Qd7 8.
O-O-O O-O-O 9. d5 exd5 10. Nxd5 Bb4 11. c3 Be7 12. b4 Be6 13. Nxe7+ Nxe7 14.
Bxa7 Bxc4 0-1

[Event "C.to Regionale Calabria"]
[Site "San Fili ITA"]
[Date "2007.06.10"]
[Round "5"]
[White "Valotta, Massimiliano"]
[Black "Scerbo, Antonio"]
[Result "1/2-1/2"]
[WhiteElo "1889"]
[BlackElo "2117"]
[PlyCount "89"]
[EventDate "2007.06.08"]

1. d4 Nf6 2. c4 g6 3. Nc3 Bg7 4. e4 d6 5. f4 O-O 6. Nf3 c5 7. d5 b5 8. Bd3 b4
9. Ne2 e6 10. O-O exd5 11. exd5 Re8 12. Ng3 a5 13. f5 Ng4 14. Bg5 Bf6 15. fxg6
hxg6 16. Qd2 Nd7 17. Rae1 Rxe1 18. Rxe1 Nde5 19. Bxf6 Qxf6 20. Nxe5 Nxe5 21.
Rf1 Qh4 22. Be2 Bd7 23. Rf4 Qe7 24. b3 a4 25. Bd1 a3 26. Bc2 Re8 27. Rf1 Kg7
28. Qf4 Rh8 29. Ne4 Rh4 30. Qf6+ Qxf6 31. Nxf6 Bf5 32. Bxf5 Kxf6 33. Bc2+ Ke7
34. Re1 Rd4 35. Re2 f5 36. h3 Kf6 37. Kf2 Kg5 38. g3 f4 39. gxf4+ Rxf4+ 40. Kg2
Kh4 41. Re4 Rxe4 42. Bxe4 g5 43. Bf5 Nf7 44. Kf3 Ne5+ 45. Kg2 1/2-1/2

[Event "III Open A"]
[Site "Lodi ITA"]
[Date "2007.06.08"]
[Round "1"]
[White "Bianchi, Andrea"]
[Black "Czebe, Attila"]
[Result "1/2-1/2"]
[WhiteElo "2131"]
[BlackElo "2500"]
[PlyCount "63"]
[EventDate "2007.06.08"]

1. e4 g6 2. d4 Bg7 3. Bc4 d6 4. c3 Nf6 5. Qe2 O-O 6. Nf3 Bg4 7. h3 Bxf3 8. Qxf3
c6 9. Bb3 d5 10. e5 Ne8 11. h4 f6 12. h5 fxe5 13. Qh3 Qd7 14. g4 gxh5 15. Qxh5
Nf6 16. Qh4 Qxg4 17. dxe5 Qe4+ 18. Qxe4 Nxe4 19. f4 Nd7 20. Bc2 Ndc5 21. Nd2
Rxf4 22. Nxe4 Rxe4+ 23. Bxe4 dxe4 24. Ke2 Nd3 25. Rh4 Nxe5 26. Rxe4 Kf7 27. Be3
Nd7 28. Rh4 Nf6 29. Bg5 Rh8 30. Rah1 Kg6 31. Rg1 Kf7 32. Rgh1 1/2-1/2

[Event "III Open A"]
[Site "Lodi ITA"]
[Date "2007.06.08"]
[Round "1"]
[White "Borgo, Giulio"]
[Black "You Zi Chih, Stefano"]
[Result "1/2-1/2"]
[WhiteElo "2418"]
[BlackElo "2087"]
[PlyCount "113"]
[EventDate "2007.06.08"]

1. c4 e6 2. Nc3 d5 3. d4 Nf6 4. Nf3 c6 5. e3 Nbd7 6. Qc2 Bd6 7. Bd3 O-O 8. O-O
Re8 9. c5 Bb8 10. e4 dxe4 11. Nxe4 Nxe4 12. Bxe4 h6 13. Re1 e5 14. Be3 Nf6 15.
dxe5 Bxe5 16. Rad1 Qc7 17. Nxe5 Qxe5 18. Bd4 Qg5 19. Bh7+ Kf8 20. Rxe8+ Kxe8
21. Be3 Qe5 22. Bd4 Qg5 23. Re1+ Kf8 24. Be5 Ne8 25. f4 Qd8 26. Rd1 Qe7 27. Qc3
Bg4 28. Re1 Qd7 29. Bc2 Rd8 30. Qe3 f6 31. Bc3 Nc7 32. Qg3 Nd5 33. Ba5 Re8 34.
h3 Rxe1+ 35. Bxe1 Bf5 36. Bb3 Qe7 37. Bf2 Qe4 38. Bxd5 Qxd5 39. a3 Be4 40. b4
Qd3 41. Qxd3 Bxd3 42. g4 f5 43. Kg2 Kf7 44. Bd4 g6 45. Kg3 h5 46. gxh5 gxh5 47.
Kh4 Kg6 48. Be5 a6 49. Kg3 Kf7 50. Kh4 Kg6 51. Bc7 Bc2 52. Bd8 Bd3 53. Ba5 Bc4
54. Bb6 Bd3 55. Bd8 Be4 56. Ba5 Bd3 57. Bd8 1/2-1/2

[Event "III Open A"]
[Site "Lodi ITA"]
[Date "2007.06.08"]
[Round "1"]
[White "Bove, Alessandro"]
[Black "Okhotnik, Vladimir"]
[Result "1-0"]
[WhiteElo "2120"]
[BlackElo "2484"]
[PlyCount "97"]
[EventDate "2007.06.08"]

1. d4 c5 2. d5 f5 3. c4 g6 4. Nc3 Bg7 5. Nf3 Bxc3+ 6. bxc3 Qa5 7. Qc2 d6 8. e3
Nd7 9. Bd3 Ngf6 10. O-O Nb6 11. Ng5 Bd7 12. Rb1 Qa4 13. Qe2 Ne4 14. Rb3 Nxg5
15. Ra3 Qxa3 16. Bxa3 O-O-O 17. Bc1 e5 18. dxe6 Bxe6 19. e4 Nxe4 20. f3 Rhe8
21. fxe4 fxe4 22. Qxe4 Bxc4 23. Qg4+ Be6 24. Qh4 c4 25. Bc2 Rd7 26. Be3 Nd5 27.
Bd4 b5 28. Rb1 a6 29. a4 Nc7 30. axb5 Nxb5 31. Ba4 Rb7 32. Re1 Rf7 33. Qe4 d5
34. Qe5 Bd7 35. Qxe8+ Bxe8 36. Rxe8+ Kb7 37. Bxb5 axb5 38. Re6 Kb8 39. Rb6+ Kc7
40. Rxb5 Rf5 41. g4 Rf4 42. Be5+ Kc6 43. Bxf4 Kxb5 44. Be5 h5 45. gxh5 gxh5 46.
Kf2 Kc6 47. Kg3 Kd7 48. Kh4 Ke6 49. Bd4 1-0

[Event "III Open A"]
[Site "Lodi ITA"]
[Date "2007.06.08"]
[Round "1"]
[White "Bozzali, Ermanno"]
[Black "Rombaldoni, Denis"]
[Result "1/2-1/2"]
[WhiteElo "2064"]
[BlackElo "2368"]
[PlyCount "126"]
[EventDate "2007.06.08"]

1. e4 c5 2. Nc3 a6 3. Nf3 e6 4. d4 cxd4 5. Nxd4 Qc7 6. g3 Bb4 7. Qd3 Nc6 8.
Nxc6 bxc6 9. Qd4 Bf8 10. Bg2 e5 11. Qd1 Nf6 12. O-O Bc5 13. Bg5 d6 14. Na4 Ba7
15. Qd2 Ng4 16. h3 h6 17. hxg4 hxg5 18. Qxg5 Be6 19. Bf3 f6 20. Qd2 Qd7 21. Qe2
d5 22. Rad1 d4 23. Kg2 Kf7 24. Rh1 c5 25. Rxh8 Rxh8 26. Nc3 c4 27. Nd5 Rc8 28.
b3 Qb5 29. bxc4 Rxc4 30. Rb1 Qc6 31. Rb7+ Qxb7 32. Qxc4 Bb8 33. Be2 Bd6 34. a4
a5 35. f3 Ke8 36. Qb5+ Qxb5 37. Bxb5+ Bd7 38. Bxd7+ Kxd7 39. Kf1 Kc6 40. Ke2
Kc5 41. Kd3 Bb8 42. c3 dxc3 43. Kxc3 Bd6 44. Ne3 Be7 45. Nc2 Kc6 46. Kc4 Bc5
47. Na1 Bf2 48. Nb3 Be1 49. Kd3 Kb6 50. Kc4 Kc6 51. Nc5 Bxg3 52. Ne6 g6 53. Nf8
Kd6 54. Nxg6 Ke6 55. Kb5 Kf7 56. Nxe5+ Bxe5 57. Kxa5 Kg6 58. Kb5 Kg5 59. a5 Kf4
60. a6 Bd4 61. Kc4 Ba7 62. Kd5 Kxf3 63. e5 fxe5 1/2-1/2

[Event "III Open A"]
[Site "Lodi ITA"]
[Date "2007.06.08"]
[Round "1"]
[White "Brigati, Alessandro"]
[Black "Martinez, Rolly"]
[Result "0-1"]
[WhiteElo "2093"]
[BlackElo "2422"]
[PlyCount "74"]
[EventDate "2007.06.08"]

1. Nf3 d5 2. d4 Nf6 3. Bf4 c5 4. e3 Nc6 5. c3 Qb6 6. Qb3 c4 7. Qxb6 axb6 8. Na3
e5 9. Nb5 Ra5 10. Nc7+ Kd7 11. dxe5 Nh5 12. Nxd5 Rxd5 13. Bxc4 Nxf4 14. exf4
Ra5 15. Bxf7 Kc7 16. O-O Be7 17. Nd4 Rf8 18. Nxc6 bxc6 19. e6 Rd8 20. a4 Ba6
21. b4 Rf5 22. Rfd1 Rxf4 23. Rxd8 Bxd8 24. f3 Be7 25. Rd1 Bc8 26. Kf2 Rc4 27.
Rd3 c5 28. a5 bxa5 29. bxa5 Ra4 30. g4 g5 31. Ke3 Rxa5 32. f4 Ra4 33. fxg5 Rxg4
34. Bg8 Rxg5 35. Bxh7 Bxe6 36. Rd1 Rh5 37. Be4 Bg5+ 0-1

[Event "III Open A"]
[Site "Lodi ITA"]
[Date "2007.06.08"]
[Round "1"]
[White "Brunello, Sabino"]
[Black "Barlocco, Carlo"]
[Result "1-0"]
[WhiteElo "2454"]
[BlackElo "2119"]
[PlyCount "87"]
[EventDate "2007.06.08"]

1. e4 Nc6 2. d4 e5 3. Nf3 exd4 4. Nxd4 Bc5 5. Be3 Bxd4 6. Bxd4 Nf6 7. Nc3 O-O
8. Be3 Re8 9. f3 d6 10. Bf2 d5 11. Bh4 dxe4 12. Qxd8 Rxd8 13. Nxe4 Bf5 14.
Nxf6+ gxf6 15. Bxf6 Rd6 16. Bc3 Bxc2 17. Rc1 Bd3 18. Bxd3 Rxd3 19. Kf2 Rad8 20.
Rhe1 f5 21. Re6 R3d6 22. Rce1 Kf7 23. R6e2 R8d7 24. h3 b5 25. Rc1 b4 26. Be1 a5
27. Rc5 Kf6 28. Re8 Kf7 29. Re2 Kf6 30. Kf1 a4 31. Bg3 Rd1+ 32. Re1 Nb8 33.
Bxc7 Rxe1+ 34. Kxe1 Re7+ 35. Kf2 Nd7 36. Rd5 Ke6 37. Rd6+ Kf7 38. Bd8 Ne5 39.
Bxe7 Kxe7 40. Rd4 Ke6 41. Ke2 Nc6 42. Rh4 Kd5 43. Rxh7 Ne5 44. Ra7 1-0

[Event "III Open A"]
[Site "Lodi ITA"]
[Date "2007.06.08"]
[Round "1"]
[White "Burlando, Alessandro"]
[Black "Salvador, Roland"]
[Result "0-1"]
[WhiteElo "2115"]
[BlackElo "2452"]
[PlyCount "56"]
[EventDate "2007.06.08"]

1. d4 d5 2. c4 dxc4 3. Nf3 Nf6 4. e3 a6 5. Bxc4 e6 6. O-O c5 7. Qe2 Nc6 8. Rd1
Qc7 9. Nc3 Be7 10. d5 exd5 11. Nxd5 Nxd5 12. Bxd5 O-O 13. h3 Nb4 14. Bb3 Bd7
15. e4 Bb5 16. Bc4 Bxc4 17. Qxc4 b5 18. Qc3 Rfd8 19. Be3 Nxa2 20. Qe5 Qxe5 21.
Rxd8+ Rxd8 22. Nxe5 Nb4 23. Rc1 c4 24. Nf3 Bf6 25. e5 Nd3 26. Ra1 Nxe5 27. Rxa6
Nxf3+ 28. gxf3 h5 0-1

[Event "III Open A"]
[Site "Lodi ITA"]
[Date "2007.06.08"]
[Round "1"]
[White "D'Apa, Matteo"]
[Black "Zozulia, Anna"]
[Result "0-1"]
[WhiteElo "2055"]
[BlackElo "2344"]
[PlyCount "80"]
[EventDate "2007.06.08"]

1. d4 g6 2. c4 Bg7 3. Nc3 d6 4. e4 Nc6 5. Be3 e5 6. d5 Nce7 7. Qd2 f5 8. f3 Nf6
9. O-O-O fxe4 10. fxe4 Ng4 11. Bg5 h6 12. Bh4 g5 13. h3 gxh4 14. hxg4 Bxg4 15.
Be2 Bxe2 16. Qxe2 Ng6 17. Nf3 O-O 18. Kb1 Qe7 19. Qe3 a6 20. Ne2 b5 21. g3 h3
22. Rxh3 Qd7 23. Rdh1 Qg4 24. Nh4 Rf1+ 25. Nc1 Nxh4 26. gxh4 Rxh1 27. Rxh1 bxc4
28. Ne2 Rf8 29. Nc3 Qf3 30. Qxf3 Rxf3 31. a4 Bf6 32. a5 Rf4 33. h5 Bg5 34. Ka2
Rf2 35. Ka3 Be3 36. Kb4 Rxb2+ 37. Kxc4 Bd4 38. Rc1 Kf7 39. Na4 Rb5 40. Rf1+ Ke7
0-1

[Event "III Open A"]
[Site "Lodi ITA"]
[Date "2007.06.08"]
[Round "1"]
[White "Galassi, Federico"]
[Black "Zelcic, Robert"]
[Result "0-1"]
[WhiteElo "2142"]
[BlackElo "2554"]
[PlyCount "60"]
[EventDate "2007.06.08"]

1. e4 c6 2. d4 d5 3. exd5 cxd5 4. c4 Nf6 5. Nc3 g6 6. Qb3 Bg7 7. cxd5 O-O 8.
Be2 Na6 9. Bf3 Qb6 10. Qxb6 axb6 11. a3 Rd8 12. Bf4 Nb4 13. Rd1 Nfxd5 14. Nxd5
Nxd5 15. Be5 Bh6 16. Ne2 Be6 17. h4 f6 18. Bg3 Rac8 19. h5 Kg7 20. hxg6 hxg6
21. Nc3 Nxc3 22. bxc3 Bb3 23. Rb1 Rxc3 24. O-O Rxd4 25. Bxb7 Bd2 26. f3 Be3+
27. Bf2 Bxf2+ 28. Rxf2 Ra4 29. Re2 Kf8 30. Re4 Ra7 0-1

[Event "III Open A"]
[Site "Lodi ITA"]
[Date "2007.06.08"]
[Round "1"]
[White "Gonda, Laszlo"]
[Black "Valsecchi, Alessio"]
[Result "1-0"]
[WhiteElo "2501"]
[BlackElo "2135"]
[PlyCount "65"]
[EventDate "2007.06.08"]

1. d4 Nf6 2. c4 c5 3. d5 e6 4. Nc3 exd5 5. cxd5 d6 6. Nf3 g6 7. Nd2 Bg7 8. e4
O-O 9. Be2 a6 10. a4 b6 11. O-O Re8 12. f4 Ra7 13. Bf3 Rb7 14. e5 dxe5 15. fxe5
Rxe5 16. Nc4 Nbd7 17. Nxe5 Nxe5 18. Bf4 Nxf3+ 19. Qxf3 Bf5 20. h3 c4 21. Bg5
Qd6 22. Qf4 Qxf4 23. Rxf4 Nd7 24. Rxc4 Ne5 25. Rh4 Nd3 26. d6 Nxb2 27. Nd5 Nc4
28. Ne7+ Kf8 29. Nxf5 Bxa1 30. Rxc4 gxf5 31. Rc7 Bd4+ 32. Kf1 Rb8 33. d7 1-0

[Event "III Open A"]
[Site "Lodi ITA"]
[Date "2007.06.08"]
[Round "1"]
[White "Lazic, Miroljub"]
[Black "Stoyko, Maksym"]
[Result "1-0"]
[WhiteElo "2450"]
[BlackElo "2106"]
[PlyCount "107"]
[EventDate "2007.06.08"]

1. g3 e6 2. Bg2 f5 3. d3 Nf6 4. e4 Nc6 5. f4 Bc5 6. c3 fxe4 7. dxe4 e5 8. Qe2
d6 9. Be3 Bxe3 10. Qxe3 O-O 11. Ne2 d5 12. Nd2 exf4 13. Nxf4 d4 14. cxd4 Nxd4
15. Rc1 Ng4 16. Qc3 c6 17. Nb3 Nxb3 18. Qxb3+ Kh8 19. Qc3 Bd7 20. O-O Qb6+ 21.
Qc5 Qxc5+ 22. Rxc5 Rfe8 23. Rd1 Rad8 24. Bh3 Nf6 25. e5 Nd5 26. Bxd7 Rxd7 27.
e6 Rde7 28. Nxd5 cxd5 29. Rcxd5 Rxe6 30. Rd8 Rg8 31. R8d7 Rb6 32. b3 h6 33. Kg2
Rc8 34. R1d2 Rcc6 35. h4 Kh7 36. Kh3 h5 37. R2d5 Kh6 38. Rd8 Rc2 39. Rh8+ Kg6
40. Rg5+ Kf6 41. Rf8+ Ke7 42. Rg8 Rxa2 43. R8xg7+ Kf8 44. Rc7 Rxb3 45. Rxh5 Kg8
46. Rd7 Rf2 47. Rg5+ Kh8 48. h5 Rf6 49. Kh4 Rb4+ 50. g4 Rf1 51. Rgd5 Kg8 52. h6
Rf8 53. Rg7+ Kh8 54. Rdd7 1-0

[Event "III Open A"]
[Site "Lodi ITA"]
[Date "2007.06.08"]
[Round "1"]
[White "Mrdja, Milan"]
[Black "Soncin, Denis"]
[Result "1-0"]
[WhiteElo "2367"]
[BlackElo "2059"]
[PlyCount "55"]
[EventDate "2007.06.08"]

1. e4 c5 2. Nf3 a6 3. b3 b5 4. c4 Bb7 5. Bb2 b4 6. e5 e6 7. Be2 d6 8. O-O dxe5
9. Nxe5 Nf6 10. Bf3 Qc7 11. Bxb7 Qxb7 12. Ng4 Nbd7 13. d3 Be7 14. Nd2 Nxg4 15.
Qxg4 Nf6 16. Qg3 h5 17. h3 Rh6 18. f4 Rg6 19. Qf3 Qxf3 20. Nxf3 Nd7 21. Rae1
Kf8 22. d4 cxd4 23. Bxd4 Bc5 24. Bxc5+ Nxc5 25. Re5 Nd3 26. Re4 Rd8 27. Rd1 Ke7
28. Nd4 1-0

[Event "III Open A"]
[Site "Lodi ITA"]
[Date "2007.06.08"]
[Round "1"]
[White "Murgia, Andrea"]
[Black "Peredy, Ferenc"]
[Result "0-1"]
[WhiteElo "2039"]
[BlackElo "2328"]
[PlyCount "82"]
[EventDate "2007.06.08"]

1. e4 c6 2. d4 d5 3. Nc3 dxe4 4. Nxe4 Bf5 5. Ng3 Bg6 6. h4 h6 7. h5 Bh7 8. Nf3
Nf6 9. Bd3 Bxd3 10. Qxd3 e6 11. Bd2 Nbd7 12. O-O-O Qc7 13. Kb1 Bd6 14. Ne4 Nxe4
15. Qxe4 Nf6 16. Qe2 O-O-O 17. c4 c5 18. Bc3 Rhe8 19. Ne5 Kb8 20. dxc5 Bxc5 21.
b4 Bf8 22. Ka1 Nd5 23. Bd2 Nxb4 24. Bf4 Ka8 25. Rxd8+ Rxd8 26. Rd1 Rxd1+ 27.
Qxd1 Bd6 28. Nc6 Bxf4 29. Nxb4 Qxc4 30. Qd8+ Bb8 31. Qd2 Be5+ 32. Kb1 a6 33.
Nd3 Bd4 34. g4 e5 35. f3 Qb5+ 36. Kc1 Qc6+ 37. Kb1 Qxf3 38. a4 Qxg4 39. a5 Qxh5
40. Nb2 Qh1+ 41. Kc2 Qa1 0-1

[Event "III Open A"]
[Site "Lodi ITA"]
[Date "2007.06.08"]
[Round "1"]
[White "Naumkin, Igor"]
[Black "Pomaro, Alberto"]
[Result "1-0"]
[WhiteElo "2497"]
[BlackElo "2128"]
[PlyCount "67"]
[EventDate "2007.06.08"]

1. d4 Nf6 2. c4 g6 3. Nc3 Bg7 4. e4 d6 5. Nf3 O-O 6. Be2 e5 7. d5 c6 8. O-O
cxd5 9. cxd5 Nbd7 10. Be3 Ne8 11. Rc1 f5 12. Ng5 Nc5 13. Bc4 f4 14. Ne6 Nxe6
15. dxe6 Kh8 16. Bd2 Nc7 17. Qb3 Qe8 18. Nd5 Nxe6 19. Qa3 b5 20. Bd3 Qd7 21.
Nb6 axb6 22. Qxa8 f3 23. Bxb5 Qd8 24. g3 Nd4 25. Bg5 Qxg5 26. Rxc8 Qf6 27. Bc4
b5 28. Bd5 h5 29. Kh1 h4 30. Rxf8+ Bxf8 31. Qc8 hxg3 32. hxg3 Qe7 33. Qh3+ Kg7
34. Rc1 1-0

[Event "III Open A"]
[Site "Lodi ITA"]
[Date "2007.06.08"]
[Round "1"]
[White "Pokorna, Regina"]
[Black "Muraro, Alberto"]
[Result "1-0"]
[WhiteElo "2343"]
[BlackElo "2055"]
[PlyCount "101"]
[EventDate "2007.06.08"]

1. e4 c5 2. Nf3 Nc6 3. d4 cxd4 4. Nxd4 Nf6 5. Nc3 g6 6. Bc4 Bg7 7. Be3 O-O 8.
Bb3 a5 9. f3 d5 10. Bxd5 Nxd5 11. Nxd5 e6 12. Nxc6 bxc6 13. Nb6 Rb8 14. Qxd8
Rxd8 15. Rd1 Ba6 16. Rxd8+ Rxd8 17. Na4 Bb5 18. Nc5 Bxb2 19. a4 Bc4 20. Kf2 Bc3
21. Rb1 f5 22. Bg5 Bd4+ 23. Kg3 f4+ 24. Kh3 Rf8 25. Nb3 Bc3 26. Bh6 Rb8 27. Nd2
Rxb1 28. Nxb1 Be5 29. Nd2 Ba2 30. Kg4 Bc3 31. Bxf4 Bxd2 32. Bxd2 Bb1 33. c4 Bc2
34. Bxa5 Bxa4 35. Kf4 Bb3 36. c5 Kf7 37. Ke5 h5 38. Bd8 Bc4 39. Kd6 Bb5 40. g4
Ba4 41. gxh5 gxh5 42. f4 Bb5 43. Bh4 Ba4 44. Kd7 Bb5 45. e5 Ba4 46. f5 Bb3 47.
fxe6+ Bxe6+ 48. Kxc6 Kg6 49. Kc7 Kf5 50. Bf6 h4 51. Kd6 1-0

[Event "III Open A"]
[Site "Lodi ITA"]
[Date "2007.06.08"]
[Round "1"]
[White "Sibilio, Mario"]
[Black "Pelizzola, Danilo"]
[Result "1-0"]
[WhiteElo "2383"]
[BlackElo "2070"]
[PlyCount "83"]
[EventDate "2007.06.08"]

1. d4 Nf6 2. c4 e6 3. Nc3 Bb4 4. Bg5 h6 5. Bh4 c5 6. d5 d6 7. e3 exd5 8. cxd5
g5 9. Bg3 Ne4 10. Bb5+ Bd7 11. Bxd7+ Nxd7 12. Nge2 Qe7 13. a3 Bxc3+ 14. Nxc3
Ndf6 15. Qa4+ Kf8 16. Rc1 Kg7 17. O-O a6 18. Rfe1 b5 19. Qd1 Rae8 20. Ne2 Nh5
21. b4 Nhxg3 22. Nxg3 Nxg3 23. hxg3 c4 24. e4 h5 25. Rc3 g4 26. f4 Qa7+ 27. Kh2
f6 28. Rce3 Rhf8 29. Qa1 a5 30. bxa5 Qxa5 31. e5 fxe5 32. fxe5 dxe5 33. Rxe5
Rxe5 34. Rxe5 Rf6 35. Rg5+ Kf7 36. Qb1 Ke7 37. Qe4+ Kf8 38. Qh7 Rf7 39. Rg8+
Ke7 40. d6+ Ke6 41. Rg6+ Rf6 42. Qe7+ 1-0

[Event "III Open A"]
[Site "Lodi ITA"]
[Date "2007.06.08"]
[Round "1"]
[White "Vecchia, Mario"]
[Black "Dragojlovic, Andjelko"]
[Result "0-1"]
[WhiteElo "2084"]
[BlackElo "2412"]
[PlyCount "94"]
[EventDate "2007.06.08"]

1. e4 c5 2. Nf3 g6 3. c3 Bg7 4. d4 cxd4 5. cxd4 d5 6. exd5 Nf6 7. Nc3 Nxd5 8.
Bb5+ Nc6 9. Ne5 Nxc3 10. bxc3 Bxe5 11. dxe5 Qxd1+ 12. Kxd1 Bd7 13. Re1 O-O-O
14. Kc2 a6 15. Bc4 Na5 16. Bb3 Bf5+ 17. Kb2 Rd7 18. Bf4 Nxb3 19. axb3 Rhd8 20.
Be3 Kc7 21. Bd4 h5 22. h4 Rd5 23. g3 Kd7 24. Bb6 Rd2+ 25. Ka3 Rc8 26. Rad1 Rxd1
27. Rxd1+ Ke6 28. Bd4 Be4 29. Kb2 Kf5 30. Re1 Bf3 31. Kc2 Bd5 32. b4 Kg4 33.
Kd2 Kf3 34. Ra1 Bc4 35. Ra5 Bb3 36. Ra1 Rd8 37. Ke1 Rd5 38. Rb1 Bc4 39. Ra1 Ke4
40. Ra5 Bb5 41. Ra1 Kf3 42. Rd1 Bc4 43. Ra1 Rd8 44. Ra5 Bb5 45. Ra1 f6 46. exf6
exf6 47. Kd2 f5 0-1

[Event "III Open A"]
[Site "Lodi ITA"]
[Date "2007.06.09"]
[Round "2"]
[White "Czebe, Attila"]
[Black "Bozzali, Ermanno"]
[Result "1-0"]
[WhiteElo "2500"]
[BlackElo "2064"]
[PlyCount "87"]
[EventDate "2007.06.08"]

1. e4 c5 2. Nf3 d6 3. d4 cxd4 4. Nxd4 Nf6 5. f3 e5 6. Nb3 d5 7. Bg5 Be6 8. Bxf6
gxf6 9. exd5 Qxd5 10. Qxd5 Bxd5 11. Nc3 Bxb3 12. axb3 Bb4 13. Bb5+ Nc6 14. Ke2
Bxc3 15. Bxc6+ bxc6 16. bxc3 Rg8 17. g3 h5 18. Ra4 Ke7 19. Rha1 Ke6 20. Rxa7
Rxa7 21. Rxa7 h4 22. Ra6 hxg3 23. hxg3 Kd6 24. b4 Rxg3 25. b5 Kc5 26. Rxc6+
Kxb5 27. Rxf6 Kc4 28. Rxf7 Rg2+ 29. Ke3 Rxc2 30. Rd7 Rc1 31. Rd2 Rxc3+ 32. Ke4
Rb3 33. Rf2 Rb5 34. Rc2+ Kb3 35. Rc8 Ka4 36. Re8 Rb4+ 37. Kxe5 Rb5+ 38. Kf6 Kb4
39. f4 Kc4 40. Re4+ Kd3 41. Ra4 Rb6+ 42. Kg5 Rb1 43. f5 Rg1+ 44. Rg4 1-0

[Event "III Open A"]
[Site "Lodi ITA"]
[Date "2007.06.09"]
[Round "2"]
[White "Djingarova, Emilia"]
[Black "Gonda, Laszlo"]
[Result "1/2-1/2"]
[WhiteElo "2281"]
[BlackElo "2501"]
[PlyCount "189"]
[EventDate "2007.06.08"]

1. c4 Nf6 2. Nf3 e6 3. d4 c5 4. Nc3 cxd4 5. Nxd4 Bb4 6. Ndb5 a6 7. Nd6+ Ke7 8.
Nxc8+ Qxc8 9. Qb3 Nc6 10. a3 Ba5 11. Bd2 Rd8 12. e3 d5 13. Nxd5+ Nxd5 14. Bxa5
Nxa5 15. Qa4 Nxc4 16. Qxc4 Qxc4 17. Bxc4 Nb6 18. Bb3 Rd3 19. Bc2 Rd7 20. O-O
Rc8 21. Be4 Rc4 22. Bf3 Rc2 23. b3 Rdc7 24. h4 Nd7 25. Rab1 b6 26. Rfd1 Ra2 27.
Ra1 Rcc2 28. Rxa2 Rxa2 29. a4 Rb2 30. Rc1 Rxb3 31. Rc7 Rb4 32. Ra7 Kd6 33. Rxa6
Rxh4 34. e4 Ke7 35. g3 Rh6 36. Ra7 Rf6 37. Be2 Kd6 38. a5 bxa5 39. Rxa5 e5 40.
Bc4 Nc5 41. Bd5 Nd3 42. Ra3 Nb4 43. Kg2 g5 44. Rb3 Nxd5 45. Rd3 h5 46. Rxd5+
Ke6 47. Rd8 Rh6 48. Re8+ Kf6 49. f3 g4 50. Rg8 gxf3+ 51. Kxf3 Rg6 52. Rh8 Kg5
53. Re8 Rf6+ 54. Kg2 Re6 55. Rg8+ Rg6 56. Re8 f6 57. Kf3 h4 58. gxh4+ Kxh4 59.
Rh8+ Kg5 60. Rh1 Rh6 61. Rg1+ Kh5 62. Rg2 Rh7 63. Rg8 Rb7 64. Kf2 Kh6 65. Kf3
Rb1 66. Kf2 Rb3 67. Ke2 Kh7 68. Rg1 Rh3 69. Kf2 Rh5 70. Kf3 Rg5 71. Rh1+ Kg6
72. Ra1 Rh5 73. Rg1+ Kf7 74. Ra1 Rh4 75. Ra7+ Kg6 76. Ra8 Rh3+ 77. Kf2 Kg5 78.
Rf8 Rb3 79. Ke2 Rh3 80. Kf2 Kf4 81. Rxf6+ Kxe4 82. Ra6 Kf4 83. Rf6+ Ke4 84. Ra6
Rh2+ 85. Ke1 Kf4 86. Ra4+ e4 87. Ra3 Rh5 88. Rb3 Ra5 89. Rc3 Ke5 90. Rh3 Kd4
91. Rg3 Rd5 92. Ke2 Rb5 93. Ke1 e3 94. Rg8 Rd5 95. Ke2 1/2-1/2